| 000 | 01135cam a2200325 4500 | ||
|---|---|---|---|
| 008 | 090401t1998 xxu||||| |||| 00| 0 eng d | ||
| 020 | _a0854068686 | ||
| 035 | _a(Sirsi) u84818 | ||
| 041 | _aeng | ||
| 050 | _a333.337 | ||
| 110 |
_aRoyal Institution of Chartered Surveyors _94900 |
||
| 245 | 4 | _aThe real estate implications of business reorganisation and working practice : a study of the impact of changing business patterns on the property market. | |
| 260 |
_aLondon _bRICS _c1998 |
||
| 300 | _a34p. ; 30cm. | ||
| 350 | _a9.95 | ||
| 490 |
_aRight Space: Right Price _v1 |
||
| 520 | _aOne of six working papers form the Right Space: Right Price research project. A report for the RICS by the University of Reading and DTZ Debenham Thorpe. | ||
| 650 | _aBUSINESS SPACE | ||
| 650 | _aOFFICES | ||
| 650 | _aPROPERTY MARKET | ||
| 650 | _aREAL ESTATE | ||
| 650 | _aWORKING PRACTICES | ||
| 690 | _aPROPERTY-COMMERCIAL PROPERTY | ||
| 700 | _aGibson, Virginia A. | ||
| 700 | _aLizieri, Colin | ||
| 710 |
_aUniversity of Reading _93273 |
||
| 710 |
_aDTZ Debenham Thorpe _92895 |
||
| 942 | _n0 | ||
| 948 | _c12/03/1998 | ||
| 999 |
_c96979 _d96979 |
||